| 000 | 00549nam a2200217 4500 | ||
|---|---|---|---|
| 005 | 20260119103117.0 | ||
| 008 | 260119b |||||||| |||| 00| 0 eng d | ||
| 020 |
_a9789389412543 _cRs.3595.00 |
||
| 040 | _aMAIN | ||
| 082 |
_a570.284 _bR246I |
||
| 100 | _aReddy, SM | ||
| 245 | _aInstrumentation in biosciences | ||
| 260 |
_aJodhpur _bScientific Publishers _c2025 |
||
| 300 | _axiv, 334 | ||
| 650 | _aLife Sciences | ||
| 650 | _aBiology | ||
| 650 | _aAnalytical Instruments | ||
| 700 | _aMerugu, Ramchander | ||
| 942 | _cBK | ||
| 999 |
_c396716 _d396716 |
||